<?xml version="1.0" encoding="UTF-8"?>
<collection xmlns="http://www.loc.gov/MARC21/slim">
 <record>
  <leader>04047cam a2200733   4500</leader>
  <controlfield tag="001">124300308</controlfield>
  <controlfield tag="003">DE-627</controlfield>
  <controlfield tag="005">20240328212152.0</controlfield>
  <controlfield tag="007">tu</controlfield>
  <controlfield tag="008">930526s1992    gw |||||      00| ||ger c</controlfield>
  <datafield tag="015" ind1=" " ind2=" ">
   <subfield code="a">93,A20,1032</subfield>
   <subfield code="2">dnb</subfield>
  </datafield>
  <datafield tag="016" ind1="7" ind2=" ">
   <subfield code="a">930734076</subfield>
   <subfield code="2">DE-101</subfield>
  </datafield>
  <datafield tag="020" ind1=" " ind2=" ">
   <subfield code="a">3910147410</subfield>
   <subfield code="c"> : DM 39.80 (Pp.)</subfield>
   <subfield code="9">3-910147-41-0</subfield>
  </datafield>
  <datafield tag="035" ind1=" " ind2=" ">
   <subfield code="a">(DE-627)124300308</subfield>
  </datafield>
  <datafield tag="035" ind1=" " ind2=" ">
   <subfield code="a">(DE-576)035775394</subfield>
  </datafield>
  <datafield tag="035" ind1=" " ind2=" ">
   <subfield code="a">(DE-599)DNB930734076</subfield>
  </datafield>
  <datafield tag="035" ind1=" " ind2=" ">
   <subfield code="a">(OCoLC)75335053</subfield>
  </datafield>
  <datafield tag="035" ind1=" " ind2=" ">
   <subfield code="a">(OCoLC)75335053</subfield>
  </datafield>
  <datafield tag="040" ind1=" " ind2=" ">
   <subfield code="a">DE-627</subfield>
   <subfield code="b">ger</subfield>
   <subfield code="c">DE-627</subfield>
   <subfield code="e">rakwb</subfield>
  </datafield>
  <datafield tag="041" ind1=" " ind2=" ">
   <subfield code="a">ger</subfield>
  </datafield>
  <datafield tag="044" ind1=" " ind2=" ">
   <subfield code="c">XA-DE</subfield>
  </datafield>
  <datafield tag="084" ind1=" " ind2=" ">
   <subfield code="a">45</subfield>
   <subfield code="a">47</subfield>
   <subfield code="2">sdnb</subfield>
  </datafield>
  <datafield tag="084" ind1=" " ind2=" ">
   <subfield code="a">9,10</subfield>
   <subfield code="2">ssgn</subfield>
  </datafield>
  <datafield tag="084" ind1=" " ind2=" ">
   <subfield code="a">AP 65000</subfield>
   <subfield code="2">rvk</subfield>
   <subfield code="0">(DE-625)rvk/7836:</subfield>
  </datafield>
  <datafield tag="084" ind1=" " ind2=" ">
   <subfield code="a">21.74</subfield>
   <subfield code="2">bkl</subfield>
  </datafield>
  <datafield tag="084" ind1=" " ind2=" ">
   <subfield code="a">21.42</subfield>
   <subfield code="2">bkl</subfield>
  </datafield>
  <datafield tag="084" ind1=" " ind2=" ">
   <subfield code="a">20.31</subfield>
   <subfield code="2">bkl</subfield>
  </datafield>
  <datafield tag="245" ind1="1" ind2="0">
   <subfield code="a">Bad Lauchstädt</subfield>
   <subfield code="b">Kuranlagen und Goethe-Theater</subfield>
   <subfield code="c">Fotogr. von Reinhard Hentze. Mit einer Einf. von Birthe Rüdiger</subfield>
  </datafield>
  <datafield tag="264" ind1=" " ind2="1">
   <subfield code="a">Halle</subfield>
   <subfield code="b">Fliegenkopf-Verl.</subfield>
   <subfield code="c">1992</subfield>
  </datafield>
  <datafield tag="300" ind1=" " ind2=" ">
   <subfield code="a">85 S</subfield>
   <subfield code="b">überw. Ill., graph. Darst</subfield>
   <subfield code="c">31 cm</subfield>
  </datafield>
  <datafield tag="336" ind1=" " ind2=" ">
   <subfield code="a">unbewegtes Bild</subfield>
   <subfield code="b">sti</subfield>
   <subfield code="2">rdacontent</subfield>
  </datafield>
  <datafield tag="337" ind1=" " ind2=" ">
   <subfield code="a">ohne Hilfsmittel zu benutzen</subfield>
   <subfield code="b">n</subfield>
   <subfield code="2">rdamedia</subfield>
  </datafield>
  <datafield tag="338" ind1=" " ind2=" ">
   <subfield code="a">Band</subfield>
   <subfield code="b">nc</subfield>
   <subfield code="2">rdacarrier</subfield>
  </datafield>
  <datafield tag="361" ind1="1" ind2=" ">
   <subfield code="5">DE-Ha33</subfield>
   <subfield code="y">1644237784</subfield>
   <subfield code="s">25.1041</subfield>
   <subfield code="o">Vorbesitz</subfield>
   <subfield code="a">Hentze, Reinhard</subfield>
   <subfield code="0">(DE-588)119082810</subfield>
   <subfield code="0">(DE-627)079875114</subfield>
   <subfield code="0">(DE-576)211094544</subfield>
   <subfield code="f">Exemplar: Donator</subfield>
   <subfield code="f">Widmung</subfield>
   <subfield code="f">Autogramm</subfield>
  </datafield>
  <datafield tag="361" ind1="1" ind2=" ">
   <subfield code="5">DE-Ha33</subfield>
   <subfield code="y">1644237784</subfield>
   <subfield code="s">25.1041</subfield>
   <subfield code="o">Vorbesitz</subfield>
   <subfield code="a">Hentze, Reinhard</subfield>
   <subfield code="0">(DE-588)119082810</subfield>
   <subfield code="0">(DE-627)079875114</subfield>
   <subfield code="0">(DE-576)211094544</subfield>
   <subfield code="f">Einlage: Fotografie</subfield>
   <subfield code="f">Notiz</subfield>
   <subfield code="f">Autogramm</subfield>
   <subfield code="f">Datum</subfield>
   <subfield code="k">1988/1989</subfield>
  </datafield>
  <datafield tag="361" ind1="1" ind2=" ">
   <subfield code="a">Raabe, Paul</subfield>
   <subfield code="f">Exemplar: Widmungsempfänger</subfield>
   <subfield code="5">DE-Ha33</subfield>
   <subfield code="y">1644237784</subfield>
   <subfield code="s">25.1041</subfield>
   <subfield code="o">Vorbesitz</subfield>
   <subfield code="0">(DE-588)118597434</subfield>
   <subfield code="0">(DE-627)079389910</subfield>
   <subfield code="0">(DE-576)162639511</subfield>
  </datafield>
  <datafield tag="561" ind1=" " ind2=" ">
   <subfield code="5">DE-Ha33</subfield>
   <subfield code="3">Exemplarsatz-ID: 1644237784, Signatur: 25.1041</subfield>
   <subfield code="a">Vorbesitz: Hentze, Reinhard ; http://d-nb.info/gnd/119082810 / Exemplar: Donator / Widmung / Autogramm</subfield>
  </datafield>
  <datafield tag="561" ind1=" " ind2=" ">
   <subfield code="5">DE-Ha33</subfield>
   <subfield code="3">Exemplarsatz-ID: 1644237784, Signatur: 25.1041</subfield>
   <subfield code="a">Vorbesitz: Hentze, Reinhard ; http://d-nb.info/gnd/119082810 / Einlage: Fotografie / Notiz / Autogramm / Datum / Datierung: 1988/1989</subfield>
  </datafield>
  <datafield tag="561" ind1=" " ind2=" ">
   <subfield code="5">DE-Ha33</subfield>
   <subfield code="3">Exemplarsatz-ID: 1644237784, Signatur: 25.1041</subfield>
   <subfield code="a">Vorbesitz: Raabe, Paul ; http://d-nb.info/gnd/118597434 / Exemplar: Widmungsempfänger</subfield>
  </datafield>
  <datafield tag="583" ind1="1" ind2=" ">
   <subfield code="a">Archivierung prüfen</subfield>
   <subfield code="c">20200919</subfield>
   <subfield code="f">DE-640</subfield>
   <subfield code="z">3</subfield>
   <subfield code="2">pdager</subfield>
  </datafield>
  <datafield tag="583" ind1="1" ind2=" ">
   <subfield code="a">Archivierung/Langzeitarchivierung gewährleistet</subfield>
   <subfield code="f">SSG</subfield>
   <subfield code="x">XA-DE-BW</subfield>
   <subfield code="2">pdager</subfield>
   <subfield code="5">DE-16</subfield>
  </datafield>
  <datafield tag="583" ind1="1" ind2=" ">
   <subfield code="a">Archivierung prüfen</subfield>
   <subfield code="c">20240324</subfield>
   <subfield code="f">DE-4165</subfield>
   <subfield code="z">1</subfield>
   <subfield code="2">pdager</subfield>
  </datafield>
  <datafield tag="655" ind1=" " ind2="7">
   <subfield code="a">Bildband</subfield>
   <subfield code="0">(DE-588)4145395-5</subfield>
   <subfield code="0">(DE-627)104450835</subfield>
   <subfield code="0">(DE-576)209741139</subfield>
   <subfield code="2">gnd-content</subfield>
  </datafield>
  <datafield tag="689" ind1="0" ind2="0">
   <subfield code="d">p</subfield>
   <subfield code="0">(DE-588)119082810</subfield>
   <subfield code="0">(DE-627)079875114</subfield>
   <subfield code="0">(DE-576)211094544</subfield>
   <subfield code="a">Hentze, Reinhard</subfield>
   <subfield code="d">1955-</subfield>
   <subfield code="2">gnd</subfield>
  </datafield>
  <datafield tag="689" ind1="0" ind2="1">
   <subfield code="d">s</subfield>
   <subfield code="0">(DE-588)4045895-7</subfield>
   <subfield code="0">(DE-627)104434880</subfield>
   <subfield code="0">(DE-576)209067160</subfield>
   <subfield code="a">Fotografie</subfield>
   <subfield code="2">gnd</subfield>
  </datafield>
  <datafield tag="689" ind1="0" ind2="2">
   <subfield code="d">b</subfield>
   <subfield code="0">(DE-588)2096864-4</subfield>
   <subfield code="0">(DE-627)100660754</subfield>
   <subfield code="0">(DE-576)192903411</subfield>
   <subfield code="a">Goethe-Theater Bad Lauchstädt</subfield>
   <subfield code="2">gnd</subfield>
  </datafield>
  <datafield tag="689" ind1="0" ind2=" ">
   <subfield code="5">DE-101</subfield>
  </datafield>
  <datafield tag="689" ind1="1" ind2="0">
   <subfield code="d">g</subfield>
   <subfield code="0">(DE-588)4307873-4</subfield>
   <subfield code="0">(DE-627)123520053</subfield>
   <subfield code="0">(DE-576)211100951</subfield>
   <subfield code="a">Kuranlagen Lauchstädt</subfield>
   <subfield code="2">gnd</subfield>
  </datafield>
  <datafield tag="689" ind1="1" ind2=" ">
   <subfield code="5">DE-101</subfield>
  </datafield>
  <datafield tag="700" ind1="1" ind2=" ">
   <subfield code="a">Hentze, Reinhard</subfield>
   <subfield code="4">oth</subfield>
  </datafield>
  <datafield tag="700" ind1="1" ind2=" ">
   <subfield code="a">Rüdiger, Birthe</subfield>
   <subfield code="4">oth</subfield>
  </datafield>
  <datafield tag="787" ind1="0" ind2="8">
   <subfield code="i">Rezensiert in</subfield>
   <subfield code="a">Zuschlag, Christoph, 1964 - </subfield>
   <subfield code="t">Schriften von Christoph Zuschlag ; 3: Genius loci</subfield>
   <subfield code="d">Heidelberg : Universitätsbibliothek Heidelberg, 2018</subfield>
   <subfield code="h">1 Online-Ressource</subfield>
   <subfield code="w">(DE-627)156738322X</subfield>
   <subfield code="w">(DE-576)497383225</subfield>
  </datafield>
  <datafield tag="935" ind1=" " ind2=" ">
   <subfield code="i">Blocktest</subfield>
  </datafield>
  <datafield tag="936" ind1="r" ind2="v">
   <subfield code="a">AP 65000</subfield>
   <subfield code="b">Theater in einzelnen Orten (CSN des Ortes)</subfield>
   <subfield code="k">Allgemeines</subfield>
   <subfield code="k">Medien- und Kommunikationswissenschaften, Medienkulturwissenschaft, Kommunikationsdesign</subfield>
   <subfield code="k">Theater</subfield>
   <subfield code="k">Biografie, Geschichte</subfield>
   <subfield code="k">Theater in einzelnen Orten (CSN des Ortes)</subfield>
   <subfield code="0">(DE-627)1270691651</subfield>
   <subfield code="0">(DE-625)rvk/7836:</subfield>
   <subfield code="0">(DE-576)200691651</subfield>
  </datafield>
  <datafield tag="936" ind1="b" ind2="k">
   <subfield code="a">21.74</subfield>
   <subfield code="j">Landschaftsgestaltung</subfield>
   <subfield code="j">Gartenkunst</subfield>
   <subfield code="0">(DE-627)106417894</subfield>
  </datafield>
  <datafield tag="936" ind1="b" ind2="k">
   <subfield code="a">21.42</subfield>
   <subfield code="j">Geschichte der Photographie</subfield>
   <subfield code="0">(DE-627)106405713</subfield>
  </datafield>
  <datafield tag="936" ind1="b" ind2="k">
   <subfield code="a">20.31</subfield>
   <subfield code="j">Bildende Künstler</subfield>
   <subfield code="0">(DE-627)181571080</subfield>
  </datafield>
  <datafield tag="951" ind1=" " ind2=" ">
   <subfield code="a">BO</subfield>
  </datafield>
  <datafield tag="990" ind1=" " ind2=" ">
   <subfield code="a">Hentze, Reinhard</subfield>
  </datafield>
  <datafield tag="990" ind1=" " ind2=" ">
   <subfield code="a">Fotografie</subfield>
  </datafield>
  <datafield tag="990" ind1=" " ind2=" ">
   <subfield code="a">Goethe-Theater Bad Lauchstädt</subfield>
  </datafield>
  <datafield tag="990" ind1=" " ind2=" ">
   <subfield code="a">Kuranlagen Lauchstädt</subfield>
  </datafield>
  <datafield tag="991" ind1=" " ind2=" ">
   <subfield code="a">Rezensiertes Werk</subfield>
  </datafield>
  <datafield tag="999" ind1=" " ind2=" ">
   <subfield code="a">KXP-PPN124300308</subfield>
   <subfield code="e">4255162026</subfield>
  </datafield>
 </record>
</collection>
